All foreign players FC Twente - Statistics

General Stats
  • This quiz has been taken 41 times
  • The average score is 33 of 227
Answer Stats
Hint Answer % Correct
Lars Unnerstall
71%
Hakim Ziyech
67%
Manfred Ugalde
67%
Bryan Ruiz
54%
Dušan Tadić
54%
Michal Sadílek
54%
Blaise N'Kufo
46%
Vaclav Černý
46%
Joachim Andersen
42%
Andreas Bjelland
38%
Fredrik Jensen
38%
Issam El Maach
38%
Mathias Kjølø
38%
Matt Smith
38%
Ramiz Zerrouki
38%
Rasmus Bengtsson
38%
Richard Jensen
38%
Thomas Lam
38%
Aitor
33%
Alfons Sampsted
33%
Cuco Martina
33%
Felipe Gutiérrez
33%
Giorgi Aburjania
33%
Haris Vučkić
33%
Kamohelo Mokotjo
33%
Marc Janko
33%
Marko Arnautović
33%
Nacer Chadli
33%
Przemysław Tytoń
33%
Danilo
29%
Issah Abass
29%
Tim Hölscher
29%
Younes Taha
29%
Alec Van Hoorenbeeck
25%
Bersant Celina
25%
Christos Tzolis
25%
Enes Ünal
25%
Javi Espinosa
25%
Keito Nakamura
25%
Matos
25%
Miroslav Stoch
25%
Nacho Monsalve
25%
Naci Ünüvar
25%
Rafik Zekhnini
25%
Roberto Rosales
25%
Torgeir Børven
25%
Yaw Yeboah
25%
Adnane Tighadouini
21%
Cheick Tioté
21%
Chinedu Ede
21%
Dmitris Limnios
21%
Emil Berggreen
21%
Jan Sørensen
21%
Julio Pleguezuelo
21%
Kenneth Pérez
21%
Lazaros Lamprou
21%
Lindon Selahi
21%
Michael Olaitan
21%
Nikolay Mihaylov
21%
Renato Tapia
21%
Ricardinho
21%
Ryo Miyaichi
21%
Stefan Thesker
21%
Tecatito
21%
Alexander Jeremejeff
17%
Bernard Parker
17%
Bruno Uvini
17%
Dario Đumić
17%
Darryl Lachman
17%
Dmitriy Bulykin
17%
Dylan Seys
17%
Giorgios Katsikas
17%
Halil Dervişoğlu
17%
Jerson Cabral
17%
Joel Latibeaudiere
17%
Jorn Brondeel
17%
Kurt Van De Paar
17%
Mateusz Klich
17%
Michael Liendl
17%
Mounir El Hamdaoui
17%
Nathan Markelo
17%
Oriol Busquets
17%
Oussama Assaidi
17%
Sánchez Torres
17%
Scott Booth
17%
Shadrach Eghan
17%
Thomas Agyepong
17%
Tyronne Ebuehi
17%
Youness Mokhtar
17%
Alexander Laukart
13%
Bart Buysse
13%
Christian Cuevas
13%
Dedryck Boyata
13%
Dejan Trajkovski
13%
Emir Bajrami
13%
Feliticiano Zschusschen
13%
Filip Bednarek
13%
Fred Friday
13%
Giovanni Troupée
13%
Godfried Roemeratoe
13%
Jody Lukoki
13%
Marko Kvasina
13%
Michaël Maria
13%
Nashat Akram
13%
Oguchi Onyewu
13%
Rafael Ramos
13%
Slobodan Rajković
13%
Andrej Rendla
8%
Bilal Ould-Chikh
8%
Bruno
8%
Christian Tassano
8%
Daniel
8%
Daniel Majstorović
8%
Dario Vujičević
8%
David Carney
8%
Edwin Gyasi
8%
Enis Bunjaki
8%
Georgi Gakhokidze
8%
Helmut Rahn
8%
Jason Čulina
8%
Joshua John
8%
Karim El Ahmadi
8%
Kasper Kusk
8%
Kennedy Bakırcıoğlu
8%
Kim Christensen
8%
Luka Ilić
8%
Luke Wilkshire
8%
Nils Röseler
8%
Peter Niemeyer
8%
Prince Polley
8%
Rahim Ouédraogo
8%
Stein Huysegems
8%
Tjaronn Chery
8%
Ulrich Bapoh
8%
Wellington
8%
Adil Ramzi
4%
Anatoliy Gerk
4%
András Béres
4%
Andreas Augustsson
4%
Anouar Diba
4%
Ansar Ayupov
4%
Antal Nagy
4%
Antti Sumiala
4%
Arnar Viðarsson
4%
Billy Ashcroft
4%
Bjarni Viðarsson
4%
Brem Soumaoro
4%
Chris De Witte
4%
Claus Nielsen
4%
Daniel Fernandes
4%
David Sambissa
4%
Dieter Schwemmle
4%
Elbekay Bouchiba
4%
Ferdinand Rohde
4%
Flamur Kastrati
4%
Fouzi El Brazi
4%
Frédéric Peiremans
4%
Gabor Zele
4%
Gladestony
4%
Gordon Hill
4%
Guilherme Afonso
4%
Gyula Nemes
4%
Halil Çolak
4%
Hallvar Thoresen
4%
Hans Aabech
4%
Hans Pfeiffer
4%
Heinz Höher
4%
Helmut Fottner
4%
Husref Musemić
4%
Ibrahim Maaroufi
4%
Isaac Buckley-Ricketts
4%
Ismaïl Aissati
4%
Istvan Kenderesi
4%
Jakob Augustsson
4%
Jan Verlinden
4%
Jonatan Frimann
4%
Jörg Sobiech
4%
Josef Seemann
4%
Jürgen Cavens
4%
Kåre Becker
4%
Kingsley Kuali
4%
Konstantinos Louboutis
4%
Kris Fillinger
4%
Lars Bleker
4%
Luka Đorđević
4%
Lukas Browning-Lagerfeldt
4%
Marc De Clerck
4%
Michael Birkedal
4%
Michael Simpelsberger
4%
Mika Lipponen
4%
Mikko Rahkamaa
4%
Mirco Born
4%
Mitar Mrkela
4%
Ned Bulatović
4%
Nelson Da Costa
4%
Nikita Rukavytsya
4%
Nikola Gjorgjev
4%
Oskar Zawada
4%
Pablo Cáceres
4%
Përparim Hetemaj
4%
Per Steffensen
4%
Ransford Osei
4%
Richard Brousek
4%
Rico Steinmann
4%
Rob McKinnon
4%
Roland Kollmann
4%
Rolf Lendzian
4%
Ryan Trotman
4%
Serhiy Kovalets
4%
Sharbel Touma
4%
Simon Cziommer
4%
Søren Lindsted
4%
Spasoje Samardžić
4%
Spira Grujić
4%
Spitz Kohn
4%
Theo Vogelsang
4%
Thilo Leugers
4%
Tim Velten
4%
Tobias Sumelka
4%
Tony McNulty
4%
Ulrich Wilson
4%
Uwe Blotenberg
4%
Vaqif Dzhavadov
4%
Volkmar Groß
4%
Yuriy Petrov
4%
Zoran Mišić
4%
Zvonko Bego
4%
No matching quizzes found
Score Distribution
Percent of People with Each Score
Percentile by Number Answered
Your Score History
You have not taken this quiz